00767nam a22002177a 4500003000500000005001700005008004100022010001000063011001000073035001000083040000900093100003000102245013600132260004000268300001100308502008100319650003300400650003600433650004200469700003800511CHAP20220329141206.0971010s1982 r 00010 d a64111 a65083 a71246 cCHAP00aUrbalejo Guerra, Roberto.1 aEvaluación del rendimiento reproductivo en respuesta a tres niveles de proteína durante el período de gestación de la cerda aChapingo, Méx. :bEl autor,c1982 a111 h. aTesis (Ing. Agrónomo Esp. en Zootecnia) -- UACH. Departamento de Zootecnia14aGanado porcinoxNutrición.14aGanado porcinoxReproducción.14aProteínas en nutrición del cerdo.0 aCorrea Fabián, Víctor Manuel.